000 00663cam a2200229 4500500
005 20260329005352.0
041 _afre
042 _adc
100 1 0 _aLarmagnac-Matheron, Octave
_eauthor
245 0 0 _aL’arc, entre ingéniosité, sagesse et sauvagerie
260 _c2023.
500 _a4
690 _aArchéologie
690 _aArme
690 _aArmes
690 _aBarbarie
690 _aCible
690 _aCivilisation
690 _aHistoire
786 0 _nPhilosophie magazine | 169 | 5 | 2023-05-01 | p. 12-12 | 1951-1787
856 4 1 _uhttps://shs.cairn.info/magazine-philosophie-magazine-2023-5-page-12?lang=fr&redirect-ssocas=7080
999 _c1842734
_d1842734